SUNSHINE SIMPSON : (Record no. 203763)

MARC details
000 -LEADER
fixed length control field 01730nam a2200349 i 4500
003 - CONTROL NUMBER IDENTIFIER
control field OSt
005 - DATE AND TIME OF LATEST TRANSACTION
control field 20260408163701.0
008 - FIXED-LENGTH DATA ELEMENTS--GENERAL INFORMATION
fixed length control field 260408s2024 enka jr 000 1 eng d
020 ## - INTERNATIONAL STANDARD BOOK NUMBER
International Standard Book Number 9781801313360
Terms of availability RM 50.00
Qualifying information paperback
040 ## - CATALOGING SOURCE
Original cataloging agency PPAK
Language of cataloging eng
Transcribing agency PPAK
Description conventions rda
082 04 - DEWEY DECIMAL CLASSIFICATION NUMBER
Edition number 23
Classification number 823.92
090 00 - LOCALLY ASSIGNED LC-TYPE CALL NUMBER (OCLC); LOCAL CALL NUMBER (RLIN)
Classification number (OCLC) (R) ; Classification number, CALL (RLIN) (NR) 823.92
Feature heading LIN
Feature heading K
100 1# - MAIN ENTRY--PERSONAL NAME
Personal name Linton, G. M.,
Relator term author.
245 10 - TITLE STATEMENT
Title SUNSHINE SIMPSON :
Remainder of title Friends always & Forever /
Statement of responsibility, etc. G.M. LINTON ; Illustrated by Fuuji Takashi and Asma Enayeh
246 34 - VARYING FORM OF TITLE
Title proper/short title Friends always and forever
264 #1 - PRODUCTION, PUBLICATION, DISTRIBUTION, MANUFACTURE, AND COPYRIGHT NOTICE
Place of production, publication, distribution, manufacture London :
Name of producer, publisher, distributor, manufacturer Usborne Publishing Ltd.,
Date of production, publication, distribution, manufacture, or copyright notice 2024
300 ## - PHYSICAL DESCRIPTION
Extent 301 pages :
Other physical details illustrations ;
Dimensions 20 cm
336 ## - CONTENT TYPE
Content type term text
Source rdacontent
337 ## - MEDIA TYPE
Media type term unmediated
Source rdamedia
338 ## - CARRIER TYPE
Carrier type term volume
Source rdacarrier
490 1# - SERIES STATEMENT
Series statement A SUNSHINE SIMPSON STORY
520 ## - SUMMARY, ETC.
Summary, etc. Sunshine Simpson is off on the holiday of a lifetime! Her Auntie Sharon has won the lottery, and she's taking the whole family to Jamaica! Sunshine can't wait for sun, fun, and seeing the country where her grandparents grew up. There's also a secret wedding to organise for Sunshine's parents - the perfect distraction from thinking about starting secondary school. But then everything starts going wrong! Auntie Sharon is sick and can't be a bridesmaid, they only have chicken and chips for the wedding banquet and Sunshine has to become chief wedding planner
650 10 - SUBJECT ADDED ENTRY--TOPICAL TERM
Topical term or geographic name entry element Children's stories, English
Topical term or geographic name entry element Vacations
Form subdivision Juvenile fiction
Topical term or geographic name entry element Families
Form subdivision Juvenile fiction
Topical term or geographic name entry element Weddings
Form subdivision Juvenile fiction
655 ## - INDEX TERM--GENRE/FORM
Genre/form data or focus term Adventure stories
700 1# - ADDED ENTRY--PERSONAL NAME
Personal name Takashi, Fuuji,
Relator term illustrator.
Personal name Enayeh, Asma,
Relator term illustrator.
830 #0 - SERIES ADDED ENTRY--UNIFORM TITLE
Uniform title A Sunshine Simpson story
942 ## - ADDED ENTRY ELEMENTS (KOHA)
Source of classification or shelving scheme Dewey Decimal Classification
Koha item type Book
Holdings
Withdrawn Not for loan Current library Shelving location Date acquired Total Checkouts Full call number Barcode Date last seen Koha item type
    Perpustakaan Alor Setar Pinjaman Kanak-kanak 09/04/2026   K 823.92 LIN A01910120 09/04/2026 Book
    Perpustakaan Awam Sungai Petani Pinjaman Kanak-kanak 09/04/2026   K 823.92 LIN A01910121 09/04/2026 Book